LEADER 00980nam--2200349---450- 001 990001860610203316 005 20051201130131.0 035 $a000186061 035 $aUSA01000186061 035 $a(ALEPH)000186061USA01 035 $a000186061 100 $a20040719d1958----km-y0itay0103----ba 101 $aita 102 $aIT 105 $aa|||||||001yy 200 1 $aGeorges Braque$fJacopo Recupero$gpresentazione di Rodolfo Pallucchini 210 $aRoma$cDe Luca$d1958 215 $a42 p.$cill.$d24 cm 410 0$12001 454 1$12001 461 1$1001-------$12001 700 1$aRECUPERO,$bJacopo$037242 702 1$aPALLUCCHINI,$bRodolfo 801 0$aIT$bsalbc$gISBD 912 $a990001860610203316 951 $aXII.2.C. 207(VII A Coll A 28/2)$b40535 L.M.$cVII A Coll A 959 $aBK 969 $aUMA 979 $aSIAV5$b10$c20040719$lUSA01$h0951 979 $aCOPAT5$b90$c20051201$lUSA01$h1301 996 $aGeorges Braque$9956382 997 $aUNISA